000 00763nam a2200229Ia 4500
005 20241129104237.0
008 241129s9999||||xx |||||||||||||| ||und||
020 _a9783030482909
037 _aTextual
040 _aRTL
_beng
_cRTL
041 _aeng
_2eng
084 _aU6:582 R1
_qRTL
100 _aKourtit Karima; Newbold Bruce; Nijkamp Peter
_9725404
245 0 _aEconomic geography of cross-border migration
_cKourtit Karima; Newbold Bruce; Nijkamp Peter
260 _aSingapore
_bSpringer
_c2021
300 _avii,581p.
365 _aINR
_b14810 .27
490 _aFootprints of Regional Science: The voice of Regional Science
650 _aEconomic Geography- Migration
_9725405
942 _cTB
_hU6:582 R1
999 _c1225040
_d1225040